5HLuxD.jpg

KING HENRY VIII SENIOR AND PRIMARY SCHOOL LIBRARY OPAC

The magic faraway tree / (Record no. 3885)

000 -LEADER
fixed length control field 01321cam a2200349 ab4500
001 - CONTROL NUMBER
control field 000846592
003 - CONTROL NUMBER IDENTIFIER
control field OSt
005 - DATE AND TIME OF LATEST TRANSACTION
control field 20241118104019.0
008 - FIXED-LENGTH DATA ELEMENTS--GENERAL INFORMATION
fixed length control field 180814r20161943enka d 000 1 eng d
020 ## - INTERNATIONAL STANDARD BOOK NUMBER
International Standard Book Number 9780603570759
040 ## - CATALOGING SOURCE
Original cataloging agency AU@
Language of cataloging eng
Transcribing agency NTL
Modifying agency NTL
-- KH8
Description conventions aacr2r
042 ## - AUTHENTICATION CODE
Authentication code nbic
082 0# - DEWEY DECIMAL CLASSIFICATION NUMBER
Classification number 823.912 BLY
100 1# - MAIN ENTRY--PERSONAL NAME
Personal name Blyton, Enid
Relator term author.
245 14 - TITLE STATEMENT
Title The magic faraway tree /
Statement of responsibility, etc. Enid Blyton ; illustrated by Mark Beech.
250 ## - EDITION STATEMENT
Edition statement Deluxe edition.
260 ## - PUBLICATION, DISTRIBUTION, ETC.
Place of publication, distribution, etc. London :
Name of publisher, distributor, etc. Egmont UK Limited,
Date of publication, distribution, etc. c2016.
300 ## - PHYSICAL DESCRIPTION
Extent 197 pages :
Other physical details colour illustrations ;
Dimensions 20 cm.
336 ## - CONTENT TYPE
Content type term text
Content type code txt
Source rdacontent.
336 ## - CONTENT TYPE
Content type term still image
Content type code sti
Source rdacontent.
337 ## - MEDIA TYPE
Media type term unmediated
Media type code n
Source rdamedia.
338 ## - CARRIER TYPE
Carrier type term volume
Carrier type code nc
Source rdacarrier.
490 1# - SERIES STATEMENT
Series statement Magic Faraway Tree.
520 ## - SUMMARY, ETC.
Summary, etc. When Joe, Beth and Frannie climb up to the top of the Faraway Tree, they meet Silky, Moon-Face and the Saucepan Man. Their new friends show them an exciting secret how to visit lots of strange and magical lands, where they have many thrilling adventures.
650 #0 - SUBJECT ADDED ENTRY--TOPICAL TERM
Topical term or geographic name entry element Magic
Form subdivision Juvenile fiction.
650 #0 - SUBJECT ADDED ENTRY--TOPICAL TERM
Topical term or geographic name entry element Imaginary places
Form subdivision Juvenile fiction.
650 #0 - SUBJECT ADDED ENTRY--TOPICAL TERM
Topical term or geographic name entry element Adventure stories.
650 #0 - SUBJECT ADDED ENTRY--TOPICAL TERM
Topical term or geographic name entry element Children's stories.
700 1# - ADDED ENTRY--PERSONAL NAME
Personal name Beech, Mark
Relator term illustrator.
800 1# - SERIES ADDED ENTRY--PERSONAL NAME
Personal name Blyton, Enid.
Title of a work Magic Faraway Tree.
942 ## - ADDED ENTRY ELEMENTS (KOHA)
Source of classification or shelving scheme
Koha item type Books - Fiction
Holdings
Withdrawn status Lost status Source of classification or shelving scheme Damaged status Not for loan Collection code Permanent Location Current Location Shelving location Date acquired Total Checkouts Total Renewals Full call number Barcode Date last seen Date last checked out Price effective from Koha item type
          Fiction KH8 Primary School Library KH8 Primary School Library Fiction 2024-11-18 7 1 823.912 BLY KHPL000004588 2026-03-17 2026-03-10 2024-11-18 Books - Fiction

Powered By KH8 IT Dept